| 000 | 00775nam a2200313Ia 4500 | ||
|---|---|---|---|
| 008 | 210210b1952 xxu||||| |||| 00| 0 eng d | ||
| 041 | _aeng | ||
| 082 | _a320/95 | ||
| 100 | _aCARTER (Gwendolen M) | ||
| 245 | _aMajor foreign powers: the governments of Great Britain, France, the Soviet Union and Germany | ||
| 260 |
_aNew York _bHarcourt, Brace & World Inc. _c1952 |
||
| 300 | _axxiii,815,cix | ||
| 650 | _aUnion | ||
| 650 | _athe | ||
| 650 | _aSoviet | ||
| 650 | _apowers: | ||
| 650 | _aof | ||
| 650 | _aMajor | ||
| 650 | _aGreat | ||
| 650 | _agovernments | ||
| 650 | _aGermany | ||
| 650 | _aFrance, | ||
| 650 | _aforeign | ||
| 650 | _aBritain, | ||
| 650 | _aand | ||
| 690 | _aPolitical Science | ||
| 700 | _aRANNEY (John C) | ||
| 906 | _a001846 | ||
| 999 |
_c117165 _d117165 |
||